FIFA World Cup- Continental Firsts - Statistics

General Stats
  • This quiz has been taken 6 times
  • The average score is 5 of 6
Answer Stats
Continent Date Country Result Opponent % Correct
South America July 15, 1930 Argentina 1-0 France
100%
Oceania June 12, 2006 Australia 3-1 Japan
100%
North America July 13, 1930 United States 3-0 Belgium
100%
Europe July 13, 1930 France 4-2 Mexico
83%
Asia July 19, 1966 North Korea 1-0 Italy
83%
Africa June 2, 1978 Tunisia 3-1 Mexico
50%
No matching quizzes found
Score Distribution
Percent of People with Each Score
Percentile by Number Answered
Your Score History
You have not taken this quiz